| 000 | 01810cam a22001814a 4500 | ||
|---|---|---|---|
| 005 | 20250605164349.0 | ||
| 008 | 250528s ||||||||||||||||||||||||d | ||
| 035 | _a24074 | ||
| 040 |
_aGR-AtMCL _bgre _dGR-AtMCL _eAACR2 |
||
| 245 | 1 | _aΕνημερωτική Εκδήλωση: Η Αξιοποίηση της Ακίνητης Περιουσίας του Υπουργείου Εθνικής Άμυνας / Βαρόμετρο Ε.Β.Ε.Α.: 7 στους 10 Έλληνες Δηλώνουν Αδυναμία Καταβολής Φόρων και Εισφορών - Δυνατότητες για Ψηφιακή Υπογραφή στα Μέλη του Ε.Β.Ε.Α. | |
| 260 |
_bΕμπορικό Και Βιομηχανικό Επιμελητήριο Αθηνών, _c2016 |
||
| 300 | _a64 | ||
| 520 | _aΒαρόμετρο Ε.Β.Ε.Α.: 7 στους 10 Έλληνες Δηλώνουν Αδυναμία Καταβολής Φόρων και Εισφορών, Δυνατότητες για Ψηφιακή Υπογραφή στα Μέλη του Ε.Β.Ε.Α., COSME: τΤο Ευρωπαϊκό Πρόγραμμα για τις Μικρομεσαίες Επιχειρήσεις, Σεμινάρια στο Ε.Β.Ε.Α. - Βασικές Αρχές Υγιεινής και Ασφάλειας Τροφίμων, Για να Σωθεί η Ελλάδα δεν Πρέπει να Μπει σε Νέο Πρόγραμμα Λιτότητας, Στα 2,4 δις Ευρώ το Όφελος του Δημοσίου από την Παραχώρηση του Ελληνικού, Οι Ελληνικές Εξαγωγές Απαιτούν Σεβασμό, Νέο Πρόγραμμα 'Εξοικονομώ Κατ'Οίκον. | ||
| 700 | 1 |
_aΜίχαλος Κωνσταντίνος _94319 |
|
| 942 | _cCR | ||
| 999 |
_c8974 _d8974 |
||